• 首页
  • 本馆介绍
  • 公告通知
  • 最新文献
  • 馆藏检索
  • 电子资源
  • 读者导购
  • 参考咨询
  • 我的图书馆
  • 登录
  • 详细信息显示
  • 放入我的书架
  • 预约/预借图书
  • 作者相关作品
  • 分类相关作品
  • 丛书相关作品
  • 出版社相关作品

书目信息

  • 表格格式
  • 工作单格式
  • 卡片格式
题名:
Adobe Audition CC音频编辑基础教程
    
 
作者: ;文杰书院 编著
分册:  
出版信息: 北京   清华大学出版社  2020.1
页数: 11,308页
开本: 26cm
丛书名:
单 册:
中图分类: J618.9
科图分类:
主题词: 音乐软件--教材
电子资源:
ISBN: 978-7-302-54552-1
000 00956nam0 2200241 45
001 012001001768
005 20141011134808.0
010    @a978-7-302-54552-1@dCNY59.00
100    @a20200519d2020 em y0chiy50 ea
101 0  @achi
102    @aCN@b110000
105    @aa z 000yy
106    @ar
200 1  @aAdobe Audition CC音频编辑基础教程@AAdobe Audition CC yin pin bian ji ji chu jiao cheng@b专著@e微课版@f文杰书院编著
210    @a北京@c清华大学出版社@d2020.1
215    @a11,308页@c图@d26cm
300    @a新起点电脑教程
330    @a本书共分为11章,主要内容包括音频编辑的基础知识、Audition CC的基本操作、使用工作区与视图、音频的剪辑与修饰、单轨音频的编辑、多轨音频的合成与制作、多轨音频的编辑与修饰、录音与环绕声、效果器、混音效果和输出音频等方面的知识、技巧及应用案例。
606 0  @a音乐软件@j教材
690    @aJ618.9@v5
711 02 @a文杰书院@Awen jie shu yuan@4编著
801  2 @aCN@b江苏凤凰@c20211018
905    @b1345641-4@dJ618.9@e1374@f4
    
    Adobe Audition CC音频编辑基础教程:微课版/文杰书院编著.-北京:清华大学出版社,2020.1
    11,308页:图;26cm
    新起点电脑教程
    
    ISBN 978-7-302-54552-1:CNY59.00
    本书共分为11章,主要内容包括音频编辑的基础知识、Audition CC的基本操作、使用工作区与视图、音频的剪辑与修饰、单轨音频的编辑、多轨音频的合成与制作、多轨音频的编辑与修饰、录音与环绕声、效果器、混音效果和输出音频等方面的知识、技巧及应用案例。
●
相关链接 在E读中查询图书 在五车中查询图书 在当当中查询图书 在豆瓣中查询图书


正题名:Adobe Audition CC音频编辑基础教程     索取号:J618.9/1374         预约/预借

序号 登录号 条形码 馆藏地/架位号 状态 备注
1 1345641   213456419   第一样本阅览室/ [索取号:J618.9/1374] 在馆    
2 1345642   213456428   第一借阅区/ [索取号:J618.9/1374] 在馆    
3 1345643   213456437   第一借阅区/ [索取号:J618.9/1374] 在馆    
4 1345644   213456446   第一借阅区/ [索取号:J618.9/1374] 在馆    
唐山师范学院图书馆 欢迎您!
大连网信软件有限公司© 版权所有